Countries Based on First Two Letters #2 - Statistics

General Stats
  • This quiz has been taken 184,675 times
  • The average score is 20 of 24
Answer Stats
Letters Country % Correct
FR France
100%
RW Rwanda
96%
IT Italy
95%
OM Oman
95%
YE Yemen
94%
IC Iceland
91%
UK Ukraine
90%
UZ Uzbekistan
90%
VE Venezuela
90%
SY Syria
89%
AF Afghanistan
88%
ZA Zambia
88%
AZ Azerbaijan
87%
UG Uganda
86%
DJ Djibouti
84%
RU Russia
83%
KA Kazakhstan
75%
SR Sri Lanka
74%
EG Egypt
72%
KY Kyrgyzstan
72%
KU Kuwait
71%
KO Kosovo
69%
CU Cuba
66%
KI Kiribati
64%
No matching quizzes found
Score Distribution
Percent of People with Each Score
Percentile by Number Answered
Your Score History
You have not taken this quiz